LDR 00924naa#a2200193#i#450# 001 EN\\bibl\126793 005 20260701121440.3 011 ## _a1815-588X 100 ## _a20260630b2026####ek#y0engy0150####ca 102 ## _aRU 200 1# _aThe Influence of the Shape of the Cross-Section of a Cavity-Free Drain on the Dehumidification Efficiency _eJournal article 210 1# _aSaint-Petersburg _cFSBEI HE "Emperor Alexander I St. Petersburg State Transport University" _d2026 215 ## _a10 с. 608 ## _aJournal article _2local 675 ## _aЖелезные дороги в целом. Железнодорожные линии. Железнодорожное строительство. 625.1 _aКанализация. Канализационные сооружения и системы. 628.2 _z 700 #1 _aShtykov _gValeriy Ivanovich 700 #1 _aPonomarev _gAndrey Borisovich 700 #1 _aYanko _gYuri Grigorievich 856 4# _aitt-pgups.ru _u